Towns in Hudson County, New Jersey - Statistics

General Stats
  • This quiz has been taken 167 times
  • The average score is 9 of 12
Answer Stats
Hint Answer % Correct
Jersey City
94%
Hoboken
88%
Union City
86%
Bayonne
85%
West New York
79%
Weehawken
77%
Secaucus
70%
North Bergen
68%
Guttenberg
61%
Kearny
59%
Harrison
55%
East Newark
48%
No matching quizzes found
Score Distribution
Percent of People with Each Score
Percentile by Number Answered
Your Score History
You have not taken this quiz